000 00866nac a22002657a 4500
001 BR4400188
003 BR-BrBNA
005 20250218082415.0
008 230509b bl.|||m| |||| 00| 0 por d
040 _aBR-BrBNA
_bpor
_cBiblioteca Nacional de Agricultura
072 _aL10
090 _a5600 BR4400188
100 1 _aBarretto, J.F.
100 1 _aMies Filho, A.
110 1 _aServico de Informacao Agricola, Rio de Janeiro, GB (Brasil)
245 1 _aInseminacao artificial no coelho [Cunuculus vulgaris]
260 3 _aRio de Janeiro, GB (Brasil):
_c1944.
300 _a33 p.
490 _aSIA (Brazil)
_vno. 141
500 _a17 illus.; 13 ref.; Summaries (En, Fr, Pt)
650 _aINSEMINACAO ARTIFICIAL
650 _aCOELHO
856 _uhttps://repositorio-dspace.agricultura.gov.br/bitstream/1/5960/1/1944%20SIA%20141.pdf
942 _2AGRIS
_n0
_cMS
999 _c260556
_d260556